| 000 | 00815na a2200253 4500 | ||
|---|---|---|---|
| 001 | 16950 | ||
| 003 | MIRAKIL | ||
| 005 | 20181213154901.0 | ||
| 008 | 161018b tu 000 0 | ||
| 035 | _a16950 | ||
| 040 |
_aMilas _btur _cTR-AnCHP |
||
| 041 | _afre | ||
| 082 |
_a320.9498 _bC32r 1972 |
||
| 090 | _a320.9498 C32r 1972 | ||
| 100 |
_aCeauşescu, Nicolae _d1918-1989 |
||
| 245 |
_aLa Roumanie sur la voie de l'edification de la societe socialiste multilateralement developpee _brapports, discours, articles _cNicolae Ceauşescu |
||
| 246 | _arapports, discours, articles | ||
| 260 |
_aBükreş _bMeridiane Publishing House _c1972 |
||
| 300 |
_a9 c. _c21 sm. |
||
| 505 | _a6.c.: Mai 1971-Fevrier 1972 | ||
| 651 |
_aRomanya _xSiyasal durum |
||
| 651 |
_aRomanya _xSosyalizm _zTarih |
||
| 942 |
_2dcc _cBKS |
||
| 999 |
_c2543 _d2543 |
||